Twilight Siblings - Statistics

General Stats
  • This quiz has been taken 128 times
  • The average score is 7 of 8
Answer Stats
Hint Answer % Correct
Edward Cullen Alice Cullen
99%
Edward Cullen Jasper Hale
98%
Edward Culen Rosalie Hale
98%
Edward Cullen Emmett Cullen
94%
Seth Clearwater Leah Clearwater
93%
Jane Alec
77%
Jacob Black Rachel Black
68%
Jacob Black Rebecca Black
68%
No matching quizzes found
Score Distribution
Percent of People with Each Score
Percentile by Number Answered
Your Score History
You have not taken this quiz